000 02353cam a22006254i 4500
003 PE-LiUPU
005 20250731170452.0
008 150706s2008 mx a rb 000 0 spa d
020 _a9707293551
020 _a9789707293557
035 _a(Sirsi) i9789707293557
040 _aPE-LiUPU
_bspa
_cPE-LiUPU
_dPE-LiUPU
_erda
049 _aPRUA
082 0 4 _a153
_bG34
_221
100 1 _aGeary, David C.,
_eautor.
245 1 3 _aEl origen de la mente :
_bevolución del cerebro, cognición e inteligencia /
_cDavid C. Geary.
264 1 _aMéxico :
_bEl Manual Moderno,
_c2008.
300 _a365 páginas :
_bilustraciones ;
_c23 centímetros
336 _atext
_2rdacontent
337 _aunmediated
_2rdamedia
338 _avolume
_2rdacarrier
504 _aIncluye referencias bibliográficas.
505 0 _aIntroducción y perspectiva general -- Selección natural y sexual -- Evolución de los homínidos y la motivación por el control -- Evolución y desarrollo del cerebro y la cognición -- Ámbitos modulares de la mente humana -- Heurísticos y resolución controlada de problemas -- Evolución de los modelos mentales relacionados con el control -- Evolución de la inteligencia general -- inteligencia general en la sociedad moderna.
526 _aSEG68
526 _aSEG70
526 _aSEG69
526 _aSEG67
526 _aSEG43
526 _aP144
526 _aP143
526 _aP131
526 _aP122
526 _aP120
526 _aP117
526 _aP112
526 _aP110
526 _aP106
526 _aP101
526 _aP80
526 _aP59
526 _aP54
526 _aP35
526 _aP33
526 _aP30
541 _g001-003364;
650 0 4 _aNeurociencias cognoscitivas.
650 0 4 _aCerebro
_xEvolución.
650 0 4 _aPsicología evolutiva.
910 _agl20110907
942 _2ddc
_cBOOK
949 _a153 G34
_wDEWEY
_c1
_i63612
_lCCODEBUL1
_mBUL
_p49.00
_r0
_sY
_tBOOK
_u2015-7-6
_xSALUD
_PP33
_o.STAFF. Colección Ciencias de la Salud
994 _aC0
_bPEPRU
596 _a1
999 _a153 G34
_wDEWEY
_c52520
_i63612
_d52520
_e2019-8-15
_f2021-11-3
_g5
_lCCODEBUL1
_mBUL
_n4
_p49.00
_q5
_r0
_sY
_tBOOK
_u2015-7-6
_xSALUD
_zP33
_0COMPRA
_o.STAFF. Colección Ciencias de la Salud
980 _81
_gALBERTO SANCHEZ Responsable de Automatización